[Event "DEM U10 2024"]
[Site "Willingen GER"]
[Date "2024.05.22"]
[Round "6"]
[White "Fattori Dittmar, Luca"]
[Black "Grimm, Jakob"]
[Result "1-0"]
[Termination "normal"]
[Board "11"]
[WhiteElo "1782"]
[BlackElo "1681"]
[WhiteClock "01:03:48"]
[BlackClock "00:43:20"]
[PlyCount "88"]
[WhiteFideId "34678883"]
[BlackFideId "34635645"]
[EventCountry "GER"]
[EventRounds "11"]
[EventType "swiss"]
[EventDate "2024.05.18"]

1. e4 {[%clk 01:15:57]} {[%emt 00:00:01]} e5 {[%clk 01:15:58]} {[%emt
00:00:03]} 2. Nf3 {[%clk 01:16:21]} {[%emt 00:00:06]} Nc6 {[%clk 01:16:27]} 3.
Bc4 {[%clk 01:16:37]} {[%emt 00:00:14]} Bc5 {[%clk 01:16:53]} {[%emt 00:00:04]}
4. c3 {[%clk 01:16:56]} {[%emt 00:00:10]} Nf6 {[%clk 01:17:18]} {[%emt
00:00:06]} 5. d4 {[%clk 01:17:10]} {[%emt 00:00:16]} exd4 {[%clk 01:17:44]}
{[%emt 00:00:04]} 6. e5 {[%clk 01:17:27]} {[%emt 00:00:13]} d5 {[%clk
01:18:10]} {[%emt 00:00:05]} 7. Bb5 {[%clk 01:17:52]} {[%emt 00:00:05]} Ne4
{[%clk 01:18:34]} {[%emt 00:00:05]} 8. cxd4 {[%clk 01:18:10]} {[%emt 00:00:12]}
Bb6 {[%clk 01:18:59]} {[%emt 00:00:06]} 9. Nc3 {[%clk 01:18:26]} {[%emt
00:00:13]} O-O {[%clk 01:19:17]} {[%emt 00:00:12]} 10. Be3 {[%clk 01:18:21]}
{[%emt 00:00:35]} f6 {[%clk 01:19:38]} {[%emt 00:00:10]} 11. exf6 {[%clk
01:18:20]} {[%emt 00:00:31]} Rxf6 {[%clk 01:20:01]} {[%emt 00:00:06]} 12. O-O
{[%clk 01:18:01]} {[%emt 00:00:50]} Bg4 {[%clk 01:20:06]} {[%emt 00:00:24]} 13.
Be2 {[%clk 01:18:15]} {[%emt 00:00:17]} Rg6 {[%clk 01:16:56]} {[%emt 00:03:39]}
14. Kh1 {[%clk 01:16:09]} {[%emt 00:02:36]} Ba5 {[%clk 01:03:20]} {[%emt
00:14:06]} 15. Nxe4 {[%clk 01:08:04]} {[%emt 00:08:34]} dxe4 {[%clk 01:03:20]}
{[%emt 00:00:31]} 16. Ne5 {[%clk 01:08:09]} {[%emt 00:00:25]} Nxe5 {[%clk
01:03:32]} {[%emt 00:00:18]} 17. dxe5 {[%clk 01:08:29]} {[%emt 00:00:10]} Qh4
{[%clk 00:56:28]} {[%emt 00:07:33]} 18. Bxg4 {[%clk 01:06:49]} {[%emt
00:02:11]} Qxg4 {[%clk 00:54:53]} {[%emt 00:02:05]} 19. Qxg4 {[%clk 01:07:02]}
{[%emt 00:00:17]} Rxg4 {[%clk 00:55:15]} {[%emt 00:00:07]} 20. Rad1 {[%clk
01:07:10]} {[%emt 00:00:23]} Bb6 {[%clk 00:54:14]} {[%emt 00:01:31]} 21. Bxb6
{[%clk 01:04:17]} {[%emt 00:03:23]} cxb6 {[%clk 00:52:03]} {[%emt 00:02:41]}
22. Rd7 {[%clk 01:03:42]} {[%emt 00:01:06]} Rf8 {[%clk 00:52:18]} {[%emt
00:00:14]} 23. e6 {[%clk 01:03:24]} {[%emt 00:00:48]} Rgf4 {[%clk 00:40:47]}
{[%emt 00:12:01]} 24. e7 {[%clk 01:02:50]} {[%emt 00:01:04]} Re8 {[%clk
00:40:52]} {[%emt 00:00:25]} 25. Rxb7 {[%clk 01:02:34]} {[%emt 00:00:46]} e3
{[%clk 00:40:04]} {[%emt 00:01:18]} 26. Kg1 {[%clk 01:01:43]} {[%emt 00:01:21]}
e2 {[%clk 00:39:14]} {[%emt 00:01:20]} 27. Re1 {[%clk 01:01:57]} {[%emt
00:00:16]} Rd4 {[%clk 00:39:21]} {[%emt 00:00:22]} 28. f3 {[%clk 01:02:08]}
{[%emt 00:00:20]} Rd2 {[%clk 00:39:46]} {[%emt 00:00:06]} 29. Kf2 {[%clk
01:02:02]} {[%emt 00:00:35]} Rxb2 {[%clk 00:40:11]} {[%emt 00:00:05]} 30. Rxe2
{[%clk 01:02:24]} {[%emt 00:00:09]} Rxe2+ {[%clk 00:40:29]} {[%emt 00:00:11]}
31. Kxe2 {[%clk 01:02:45]} {[%emt 00:00:08]} Kf7 {[%clk 00:40:56]} {[%emt
00:00:04]} 32. Rxa7 {[%clk 01:03:09]} {[%emt 00:00:06]} Rxe7+ {[%clk 00:41:02]}
{[%emt 00:00:24]} 33. Rxe7+ {[%clk 01:03:28]} {[%emt 00:00:11]} Kxe7 {[%clk
00:41:28]} {[%emt 00:00:04]} 34. Ke3 {[%clk 01:03:34]} {[%emt 00:00:24]} Kd6
{[%clk 00:41:53]} {[%emt 00:00:04]} 35. Kd4 {[%clk 01:03:45]} {[%emt 00:00:20]}
g6 {[%clk 00:41:08]} {[%emt 00:01:15]} 36. f4 {[%clk 01:03:00]} {[%emt
00:01:14]} h5 {[%clk 00:41:27]} {[%emt 00:00:12]} 37. g3 {[%clk 01:03:05]}
{[%emt 00:00:25]} Ke6 {[%clk 00:41:01]} {[%emt 00:00:55]} 38. h3 {[%clk
01:02:44]} {[%emt 00:00:52]} Kd6 {[%clk 00:41:25]} {[%emt 00:00:06]} 39. a4
{[%clk 01:02:50]} {[%emt 00:00:24]} Ke6 {[%clk 00:41:43]} {[%emt 00:00:12]} 40.
Kc4 {[%clk 01:02:56]} {[%emt 00:00:24]} Kd6 {[%clk 00:41:57]} {[%emt 00:00:15]}
41. Kb5 {[%clk 01:03:01]} {[%emt 00:00:25]} Kc7 {[%clk 00:42:19]} {[%emt
00:00:08]} 42. g4 {[%clk 01:03:20]} {[%emt 00:00:12]} hxg4 {[%clk 00:42:30]}
{[%emt 00:00:19]} 43. hxg4 {[%clk 01:03:39]} {[%emt 00:00:11]} g5 {[%clk
00:42:59]} 44. fxg5 {[%clk 01:03:48]} {[%emt 00:00:22]} Kb7 {[%clk 00:43:20]}
{[%emt 00:00:08]} 1-0

[Event "DEM U10 2024"]
[Site "Willingen GER"]
[Date "2024.05.22"]
[Round "6"]
[White "Braren, Ove Neelis"]
[Black "Kjulbassanoff, Kilian"]
[Result "1-0"]
[Termination "normal"]
[Board "12"]
[WhiteElo "1672"]
[BlackElo "1411"]
[WhiteClock "00:07:03"]
[BlackClock "01:05:59"]
[PlyCount "83"]
[WhiteFideId "34663770"]
[BlackFideId "533001804"]
[EventCountry "GER"]
[EventRounds "11"]
[EventType "swiss"]
[EventDate "2024.05.18"]

1. e4 {[%clk 01:15:54]} {[%emt 00:00:05]} e6 {[%clk 01:15:56]} {[%emt
00:00:05]} 2. d4 {[%clk 01:16:14]} {[%emt 00:00:10]} d5 {[%clk 01:16:25]}
{[%emt 00:00:01]} 3. exd5 {[%clk 01:16:37]} {[%emt 00:00:07]} exd5 {[%clk
01:16:52]} {[%emt 00:00:03]} 4. Nf3 {[%clk 01:16:57]} {[%emt 00:00:10]} Nf6
{[%clk 01:16:37]} {[%emt 00:00:45]} 5. Bd3 {[%clk 01:17:21]} {[%emt 00:00:06]}
Bd6 {[%clk 01:16:47]} {[%emt 00:00:20]} 6. Qe2+ {[%clk 01:17:43]} {[%emt
00:00:07]} Qe7 {[%clk 01:17:09]} {[%emt 00:00:08]} 7. Qxe7+ {[%clk 01:18:05]}
{[%emt 00:00:08]} Bxe7 {[%clk 01:17:36]} {[%emt 00:00:04]} 8. O-O {[%clk
01:18:22]} {[%emt 00:00:12]} O-O {[%clk 01:17:58]} {[%emt 00:00:08]} 9. Bf4
{[%clk 01:18:41]} {[%emt 00:00:11]} c6 {[%clk 01:18:12]} {[%emt 00:00:17]} 10.
Re1 {[%clk 01:19:07]} {[%emt 00:00:04]} Re8 {[%clk 01:16:42]} {[%emt 00:02:00]}
11. Nbd2 {[%clk 01:19:33]} {[%emt 00:00:04]} h6 {[%clk 01:15:58]} {[%emt
00:01:13]} 12. h3 {[%clk 01:16:16]} {[%emt 00:03:47]} Be6 {[%clk 01:14:39]}
{[%emt 00:01:49]} 13. Re2 {[%clk 01:16:23]} {[%emt 00:00:23]} Nbd7 {[%clk
01:13:41]} {[%emt 00:01:28]} 14. Rae1 {[%clk 01:14:48]} {[%emt 00:02:05]} Rad8
{[%clk 01:10:48]} {[%emt 00:03:23]} 15. Nb3 {[%clk 01:09:52]} {[%emt 00:05:27]}
b6 {[%clk 01:08:02]} {[%emt 00:03:16]} 16. c3 {[%clk 01:08:34]} {[%emt
00:01:48]} Nf8 {[%clk 01:07:34]} {[%emt 00:00:57]} 17. Ne5 {[%clk 01:06:42]}
{[%emt 00:02:21]} Bd6 {[%clk 01:07:45]} {[%emt 00:00:20]} 18. Bh2 {[%clk
01:00:08]} {[%emt 00:07:04]} Rc8 {[%clk 01:07:13]} {[%emt 00:01:02]} 19. f4
{[%clk 00:56:22]} {[%emt 00:04:15]} N8d7 {[%clk 01:04:26]} {[%emt 00:03:19]}
20. f5 {[%clk 00:54:42]} {[%emt 00:02:10]} Bxe5 {[%clk 01:04:07]} {[%emt
00:00:48]} 21. dxe5 {[%clk 00:54:32]} {[%emt 00:00:40]} Nxe5 {[%clk 01:03:54]}
{[%emt 00:00:43]} 22. Bxe5 {[%clk 00:54:20]} {[%emt 00:00:42]} Bd7 {[%clk
01:04:12]} {[%emt 00:00:13]} 23. Bxf6 {[%clk 00:54:33]} {[%emt 00:00:16]} gxf6
{[%clk 01:04:39]} {[%emt 00:00:04]} 24. Rxe8+ {[%clk 00:52:48]} {[%emt
00:02:15]} Rxe8 {[%emt 00:00:03]} 25. Rxe8+ {[%clk 00:53:08]} {[%emt 00:00:09]}
Bxe8 {[%clk 01:05:28]} {[%emt 00:00:09]} 26. c4 {[%clk 00:50:46]} {[%emt
00:02:52]} dxc4 {[%emt 00:00:15]} 27. Bxc4 {[%clk 00:50:58]} {[%emt 00:00:15]}
a5 {[%clk 01:05:56]} {[%emt 00:00:19]} 28. Kf2 {[%clk 00:50:04]} {[%emt
00:01:23]} Kf8 {[%emt 00:00:04]} 29. Ke3 {[%clk 00:48:30]} {[%emt 00:02:02]}
Ke7 {[%clk 01:06:54]} {[%emt 00:00:01]} 30. Nd2 {[%clk 00:44:00]} {[%emt
00:05:00]} Kd6 {[%clk 01:06:28]} {[%emt 00:00:56]} 31. Ne4+ {[%clk 00:43:00]}
{[%emt 00:01:31]} Ke5 {[%clk 01:06:35]} {[%emt 00:00:23]} 32. Bd3 {[%clk
00:41:44]} {[%emt 00:01:46]} Bd7 {[%clk 01:06:26]} {[%emt 00:00:39]} 33. Nf2
{[%clk 00:41:41]} {[%emt 00:00:32]} h5 {[%clk 01:06:16]} {[%emt 00:00:40]} 34.
h4 {[%clk 00:39:12]} {[%emt 00:02:59]} Bxf5 {[%clk 01:06:24]} {[%emt 00:00:22]}
35. Bxf5 {[%clk 00:39:18]} {[%emt 00:00:25]} Kxf5 {[%clk 01:06:52]} {[%emt
00:00:01]} 36. g3 {[%clk 00:39:18]} {[%emt 00:00:31]} b5 {[%clk 01:06:28]}
{[%emt 00:00:54]} 37. Kd4 {[%clk 00:38:51]} {[%emt 00:00:56]} b4 {[%clk
01:05:55]} {[%emt 00:01:03]} 38. b3 {[%clk 00:36:54]} {[%emt 00:02:27]} Ke6
{[%clk 01:05:29]} {[%emt 00:00:56]} 39. Nd3 {[%clk 00:18:45]} {[%emt 00:18:39]}
Kf5 {[%clk 01:05:31]} {[%emt 00:00:29]} 40. Ke3 {[%clk 00:13:25]} {[%emt
00:05:49]} Kg4 {[%emt 00:00:20]} 41. Kf2 {[%clk 00:07:41]} {[%emt 00:06:12]}
Kf5 {[%clk 01:05:59]} {[%emt 00:00:14]} 42. Kf3 {[%clk 00:07:03]} {[%emt
00:01:08]} 1-0

[Event "DEM U10 2024"]
[Site "Willingen GER"]
[Date "2024.05.22"]
[Round "6"]
[White "Dintinger, Ata Lucien"]
[Black "Ding, Jerry Yunjie"]
[Result "0-1"]
[Termination "normal"]
[Board "15"]
[WhiteElo "1096"]
[BlackElo "1650"]
[WhiteClock "00:54:44"]
[BlackClock "00:38:04"]
[PlyCount "92"]
[WhiteFideId "34654550"]
[BlackFideId "34614869"]
[EventCountry "GER"]
[EventRounds "11"]
[EventType "swiss"]
[EventDate "2024.05.18"]

1. e4 {[%clk 01:15:59]} c5 {[%clk 01:15:56]} {[%emt 00:00:05]} 2. Nc3 {[%clk
01:16:21]} {[%emt 00:00:08]} g6 {[%clk 01:16:21]} {[%emt 00:00:05]} 3. f4
{[%clk 01:16:29]} {[%emt 00:00:21]} Bg7 {[%clk 01:16:42]} {[%emt 00:00:09]} 4.
Nf3 {[%clk 01:16:44]} {[%emt 00:00:15]} Nc6 {[%clk 01:16:52]} {[%emt 00:00:20]}
5. Bb5 {[%clk 01:17:05]} {[%emt 00:00:10]} Nd4 {[%clk 01:17:06]} {[%emt
00:00:16]} 6. d3 {[%clk 01:17:20]} {[%emt 00:00:15]} Nxb5 {[%clk 01:16:37]}
{[%emt 00:00:58]} 7. Nxb5 {[%clk 01:17:34]} {[%emt 00:00:16]} Qa5+ {[%clk
01:16:58]} {[%emt 00:00:10]} 8. Nc3 {[%clk 01:17:20]} {[%emt 00:00:44]} Bxc3+
{[%clk 01:17:08]} {[%emt 00:00:20]} 9. bxc3 {[%clk 01:17:42]} {[%emt 00:00:07]}
Qxc3+ {[%clk 01:17:32]} {[%emt 00:00:06]} 10. Bd2 {[%clk 01:18:02]} {[%emt
00:00:10]} Qf6 {[%clk 01:15:39]} {[%emt 00:02:24]} 11. O-O {[%clk 01:16:42]}
{[%emt 00:01:50]} Qa6 {[%clk 01:10:39]} {[%emt 00:05:30]} 12. Qe2 {[%clk
01:09:58]} {[%emt 00:07:14]} Nf6 {[%clk 01:09:51]} {[%emt 00:01:18]} 13. Bc3
{[%clk 01:07:56]} {[%emt 00:02:31]} O-O {[%clk 01:10:00]} {[%emt 00:00:21]} 14.
Qf2 {[%clk 01:08:00]} {[%emt 00:00:26]} d6 {[%clk 01:09:20]} {[%emt 00:01:11]}
15. Qh4 {[%clk 01:06:28]} {[%emt 00:02:01]} d5 {[%clk 01:02:55]} {[%emt
00:06:54]} 16. e5 {[%clk 01:04:37]} {[%emt 00:02:22]} Nh5 {[%clk 00:59:30]}
{[%emt 00:03:55]} 17. Qxe7 {[%clk 01:02:51]} {[%emt 00:02:16]} Nxf4 {[%clk
00:57:50]} {[%emt 00:02:10]} 18. Qxc5 {[%clk 01:01:39]} {[%emt 00:01:42]} Qc6
{[%clk 00:56:28]} {[%emt 00:01:52]} 19. Qxc6 {[%clk 01:01:18]} {[%emt
00:00:50]} bxc6 {[%clk 00:56:52]} {[%emt 00:00:07]} 20. Bd2 {[%clk 01:00:55]}
{[%emt 00:00:53]} Ne6 {[%clk 00:56:31]} {[%emt 00:00:52]} 21. Rab1 {[%clk
01:00:50]} {[%emt 00:00:35]} Ba6 {[%clk 00:54:25]} {[%emt 00:02:35]} 22. Rfc1
{[%clk 01:00:08]} {[%emt 00:01:11]} Rab8 {[%clk 00:52:16]} {[%emt 00:02:40]}
23. d4 {[%clk 00:59:43]} {[%emt 00:00:56]} Be2 {[%clk 00:51:25]} {[%emt
00:01:20]} 24. Re1 {[%clk 00:56:39]} {[%emt 00:03:34]} Bxf3 {[%clk 00:50:46]}
{[%emt 00:01:09]} 25. gxf3 {[%clk 00:56:46]} {[%emt 00:00:22]} Nxd4 {[%clk
00:51:11]} {[%emt 00:00:07]} 26. Kf2 {[%clk 00:56:20]} {[%emt 00:00:56]} Nxc2
{[%clk 00:45:55]} {[%emt 00:05:45]} 27. Rec1 {[%clk 00:56:08]} {[%emt
00:00:42]} Rxb1 {[%clk 00:45:06]} {[%emt 00:01:20]} 28. Rxb1 {[%clk 00:56:15]}
{[%emt 00:00:22]} Na3 {[%clk 00:45:19]} {[%emt 00:00:17]} 29. Re1 {[%clk
00:56:02]} {[%emt 00:00:43]} Nc4 {[%clk 00:45:13]} {[%emt 00:00:36]} 30. e6
{[%clk 00:56:14]} {[%emt 00:00:19]} Nxd2 {[%clk 00:44:35]} {[%emt 00:01:08]}
31. Ke3 {[%clk 00:54:51]} {[%emt 00:01:52]} Nc4+ {[%clk 00:44:37]} {[%emt
00:00:28]} 32. Kd4 {[%clk 00:55:12]} {[%emt 00:01:23]} Re8 {[%clk 00:46:02]}
{[%emt 00:01:04]} 33. e7 {[%clk 00:55:15]} {[%emt 00:00:27]} Nd6 {[%clk
00:44:56]} {[%emt 00:01:36]} 34. Kc5 {[%clk 00:55:03]} {[%emt 00:00:43]} Nf5
{[%clk 00:45:02]} {[%emt 00:00:24]} 35. Kxc6 {[%emt 00:00:33]} Rxe7 {[%clk
00:45:26]} {[%emt 00:00:04]} 36. Rd1 {[%clk 00:54:24]} {[%emt 00:01:07]} Re2
{[%clk 00:45:30]} {[%emt 00:00:26]} 37. a4 {[%clk 00:54:38]} {[%emt 00:00:17]}
Rxh2 {[%clk 00:45:40]} {[%emt 00:00:19]} 38. a5 {[%clk 00:54:55]} {[%emt
00:00:14]} Ra2 {[%clk 00:45:24]} {[%emt 00:00:45]} 39. Kb5 {[%clk 00:55:04]}
{[%emt 00:00:22]} Ne7 {[%clk 00:43:56]} {[%emt 00:01:57]} 40. Rc1 {[%clk
00:54:08]} {[%emt 00:01:26]} h5 {[%clk 00:41:24]} {[%emt 00:03:02]} 41. Rc7
{[%clk 00:54:25]} {[%emt 00:00:13]} Kf8 {[%clk 00:41:48]} {[%emt 00:00:06]} 42.
Rxa7 {[%clk 00:54:42]} {[%emt 00:00:14]} h4 {[%clk 00:42:09]} {[%emt 00:00:09]}
43. Ra8+ {[%clk 00:55:06]} {[%emt 00:00:06]} Kg7 {[%clk 00:42:34]} {[%emt
00:00:05]} 44. Re8 {[%clk 00:54:58]} {[%emt 00:00:37]} Re2 {[%clk 00:38:02]}
{[%emt 00:05:02]} 45. a6 {[%clk 00:54:50]} {[%emt 00:00:39]} h3 {[%clk
00:38:04]} {[%emt 00:00:28]} 46. a7 {[%clk 00:54:44]} {[%emt 00:00:36]} h2
{[%emt 00:02:35]} 0-1

[Event "DEM U10 2024"]
[Site "Willingen GER"]
[Date "2024.05.22"]
[Round "6"]
[White "Alloussi, Arian"]
[Black "Schmidt, Alexander Nadvid"]
[Result "1/2-1/2"]
[Termination "normal"]
[Board "16"]
[WhiteElo "1697"]
[BlackElo "1679"]
[WhiteClock "00:11:51"]
[BlackClock "01:12:58"]
[PlyCount "48"]
[WhiteFideId "34637788"]
[BlackFideId "34661360"]
[EventCountry "GER"]
[EventRounds "11"]
[EventType "swiss"]
[EventDate "2024.05.18"]

1. e4 {[%clk 01:15:58]} {[%emt 00:00:01]} e5 {[%clk 01:15:41]} {[%emt
00:00:19]} 2. Nf3 {[%clk 01:16:18]} {[%emt 00:00:10]} Nf6 {[%clk 01:16:05]}
{[%emt 00:00:07]} 3. Nc3 {[%clk 01:16:12]} {[%emt 00:00:36]} Nc6 {[%clk
01:16:26]} {[%emt 00:00:09]} 4. Bb5 {[%clk 01:15:59]} {[%emt 00:00:42]} Bc5
{[%clk 01:16:07]} {[%emt 00:00:49]} 5. Bxc6 {[%clk 01:11:25]} {[%emt 00:05:04]}
dxc6 {[%clk 01:14:17]} {[%emt 00:02:20]} 6. Nxe5 {[%clk 01:11:44]} {[%emt
00:00:11]} Bxf2+ {[%emt 00:00:46]} 7. Kxf2 {[%clk 01:10:59]} {[%emt 00:01:12]}
Qd4+ {[%clk 01:14:27]} {[%emt 00:00:07]} 8. Ke1 {[%clk 01:10:52]} {[%emt
00:00:38]} Qxe5 {[%clk 01:14:30]} {[%emt 00:00:26]} 9. d4 {[%clk 01:08:35]}
{[%emt 00:02:47]} Qe7 {[%clk 01:13:41]} {[%emt 00:01:17]} 10. Bg5 {[%clk
00:47:21]} {[%emt 00:21:46]} h6 {[%clk 01:13:30]} {[%emt 00:00:41]} 11. Bxf6
{[%clk 00:45:29]} {[%emt 00:02:22]} Qxf6 {[%clk 01:13:33]} {[%emt 00:00:27]}
12. Qd3 {[%clk 00:33:02]} {[%emt 00:12:52]} Be6 {[%clk 01:13:31]} {[%emt
00:00:37]} 13. Rd1 {[%clk 00:30:57]} {[%emt 00:02:35]} O-O {[%clk 01:13:05]}
{[%emt 00:00:56]} 14. Kd2 {[%clk 00:28:43]} {[%emt 00:02:44]} Qg5+ {[%clk
01:12:49]} {[%emt 00:00:46]} 15. Qe3 {[%clk 00:26:53]} {[%emt 00:02:20]} Qxg2+
{[%clk 01:11:21]} {[%emt 00:01:58]} 16. Kc1 {[%clk 00:25:28]} {[%emt 00:01:56]}
Qg5 {[%clk 01:11:43]} {[%emt 00:00:08]} 17. Qxg5 {[%clk 00:24:26]} {[%emt
00:01:31]} hxg5 {[%clk 01:12:06]} {[%emt 00:00:07]} 18. Rhg1 {[%clk 00:23:27]}
{[%emt 00:01:30]} f6 {[%clk 01:12:23]} {[%emt 00:00:12]} 19. Rd2 {[%clk
00:21:35]} {[%emt 00:02:21]} Kf7 {[%clk 01:12:36]} {[%emt 00:00:17]} 20. Rdg2
{[%clk 00:21:18]} {[%emt 00:00:48]} Rh8 {[%clk 01:12:12]} {[%emt 00:00:52]} 21.
Kd2 {[%clk 00:16:25]} {[%emt 00:05:25]} Rh4 {[%clk 01:12:22]} {[%emt 00:00:20]}
22. Rf2 {[%clk 00:14:11]} {[%emt 00:02:44]} Rah8 {[%clk 01:12:40]} {[%emt
00:00:12]} 23. Rgg2 {[%clk 00:12:53]} {[%emt 00:01:45]} Kg6 {[%clk 01:13:01]}
{[%emt 00:00:12]} 24. Ke3 {[%clk 00:11:51]} {[%emt 00:01:31]} Bh3 {[%clk
01:12:58]} {[%emt 00:00:33]} 1/2-1/2